Zahraničnoobchodná politika v podmienkach členstva v EÚ: mechanizmus výberu prioritných trhov na príklade Portugalska

Zahraničný obchod Portugalska. Ciele a realizácia zahraničnoobchodnej politiky v Portugalsku. Priority a metodika výberu prioritných trhov. Zoznam identifikovaných trhov na roky 2004-2005.

Na minha lista:
Detalhes bibliográficos
Autor principal: Csabay, Marek
Formato: Capítulo de Livro
Idioma:eslovaco
Assuntos:
Tags: Adicionar Tag
Sem tags, seja o primeiro a adicionar uma tag!

MARC

LEADER 00000nla$a2200000$$$4500
001 0067469
005 20240502071818.3
041 0 |a slo 
044 |a SK 
245 1 0 |a Zahraničnoobchodná politika v podmienkach členstva v EÚ: mechanizmus výberu prioritných trhov na príklade Portugalska  |c Marek Csabay 
520 |a Zahraničný obchod Portugalska. Ciele a realizácia zahraničnoobchodnej politiky v Portugalsku. Priority a metodika výberu prioritných trhov. Zoznam identifikovaných trhov na roky 2004-2005. 
610 2 0 |a bilancia platobná 
610 2 0 |a trh 
610 2 0 |a politika zahraničnoobchodná 
610 2 0 |a obchod zahraničný 
610 2 0 |a Portugalsko 
100 1 |a Csabay, Marek